| 000 | 00950nam a2200289 a 4500 | ||
|---|---|---|---|
| 003 | OSt | ||
| 005 | 20131104153618.0 | ||
| 008 | 131104s1986 sz ||||| |||| 00| 0 spa d | ||
| 020 | _a92-4-354204-4 | ||
| 040 | _cBiblioteca Medicina | ||
| 041 | _aspa | ||
| 082 | _aOMS QV 39 | ||
| 110 |
_aOrganizacion Mundial de la Salud _91006 |
||
| 245 | 0 | 0 | _aPruebas basicas para sustancias farmaceuticas |
| 250 | _a1° ed. | ||
| 260 |
_aGinebra _bOrganizacion Mundial de la Salud _c1986 |
||
| 300 | _a198 p. | ||
| 653 | _aCONTROL DE CALIDAD | ||
| 653 | _aDROGAS-ANALISIS | ||
| 653 | _aPREPARACIONES FARMACEUTICAS | ||
| 653 | _aPREPARACIONES FARMACEUTICAS-PRUEBAS | ||
| 653 | _aPREPARACIONES FARMACEUTICAS-EQUIPO | ||
| 653 | _aREACTIVOS | ||
| 856 | _yhttp://www.who.int/ipcs/publications/ehc/ehc_numerical/en/index.html | ||
| 942 |
_2ddc _cPH |
||
| 999 |
_c1983 _d1983 |
||
| 952 |
_pH0234 _40 _00 _bBFM _10 _oOMS QV 39 _d2013-11-04 _tEj. 1 _8NFIC _70 _cCR _2ddc _yPH _aBFM |
||